[Event "Wch Rapid"]
[Site "St Petersburg"]
[Date "2018.12.26"]
[Round "5"]
[White "Tang, Andrew"]
[Black "Carlsen, Magnus"]
[Result "0-1"]
[WhiteElo "2487"]
[BlackElo "2835"]
[PlyCount "82"]
[EventDate "2018.12.26"]
[EventType "swiss (rapid)"]
[EventRounds "15"]
[EventCountry "RUS"]
[SourceTitle "CBM 187 Extra"]
[Source "ChessBase"]
[SourceDate "2018.11.04"]
[SourceVersion "1"]
[SourceVersionDate "2018.11.04"]
[SourceQuality "1"]

1. d4 d5 2. Bf4 Nf6 3. e3 e6 4. Nf3 Bd6 5. Nbd2 b6 6. Bd3 O-O 7. Ne5 c5 8. Qf3
Qc7 9. c3 Ba6 10. Bxa6 Nxa6 11. O-O Qb7 12. Ng4 Be7 13. Nxf6+ Bxf6 14. Nc4 Be7
15. Ne5 f6 16. Nc4 Qd7 17. Nd2 e5 18. Bg3 cxd4 19. exd4 e4 20. Qe2 Nc7 21. f3
f5 22. Be5 Bd6 23. Bxd6 Qxd6 24. fxe4 dxe4 25. Nc4 Qe6 26. Ne5 Nd5 27. a4 a5
28. Rae1 Kh8 29. Qf2 Rf6 30. Qg3 Raf8 31. Qh4 Qe8 32. Ra1 f4 33. Ng4 Rf5 34.
Rae1 Rh5 35. Qf2 Rg5 36. Ne5 Rxe5 37. dxe5 Qxe5 38. Rd1 f3 39. Qg3 Nf4 40. Rde1
Qc5+ 41. Qf2 fxg2 0-1

[Event "Wch Rapid"]
[Site "St Petersburg"]
[Date "2018.12.27"]
[Round "6"]
[White "Carlsen, Magnus"]
[Black "Salgado Lopez, Ivan"]
[Result "1-0"]
[WhiteElo "2835"]
[BlackElo "2629"]
[PlyCount "65"]
[EventDate "2018.12.26"]
[EventType "swiss (rapid)"]
[EventRounds "15"]
[EventCountry "RUS"]
[SourceTitle "CBM 187 Extra"]
[Source "ChessBase"]
[SourceDate "2018.11.04"]
[SourceVersion "1"]
[SourceVersionDate "2018.11.04"]
[SourceQuality "1"]

1. c4 c5 2. g3 g6 3. Bg2 Bg7 4. Nc3 Nc6 5. Nf3 d6 6. O-O Bf5 7. h3 Nf6 8. d3
O-O 9. Rb1 a6 10. a3 Rb8 11. b4 cxb4 12. axb4 b5 13. e4 Bd7 14. cxb5 axb5 15.
Bd2 Ne5 16. Nxe5 dxe5 17. Kh2 Ne8 18. Be3 Nc7 19. Qd2 Bc6 20. Rfc1 Qd7 21. Ra1
Ne6 22. Nd5 Bxd5 23. exd5 Nd4 24. Bxd4 exd4 25. Qf4 Qf5 26. Qxf5 gxf5 27. d6
exd6 28. Ra7 Rbc8 29. Rxc8 Rxc8 30. Bd5 f4 31. gxf4 Bh6 32. Rxf7 Rc3 33. f5 1-0

[Event "Wch Rapid"]
[Site "St Petersburg"]
[Date "2018.12.27"]
[Round "7"]
[White "Zubov, Alexander"]
[Black "Carlsen, Magnus"]
[Result "1-0"]
[WhiteElo "2597"]
[BlackElo "2835"]
[PlyCount "131"]
[EventDate "2018.12.26"]
[EventType "swiss (rapid)"]
[EventRounds "15"]
[EventCountry "RUS"]
[SourceTitle "CBM 187 Extra"]
[Source "ChessBase"]
[SourceDate "2018.11.04"]
[SourceVersion "1"]
[SourceVersionDate "2018.11.04"]
[SourceQuality "1"]

1. d4 d5 2. c4 e6 3. Nc3 Bb4 4. e3 Nf6 5. Nge2 c6 6. a3 Ba5 7. Ng3 O-O 8. Bd3
dxc4 9. Bxc4 e5 10. O-O Nbd7 11. Ba2 Bc7 12. d5 cxd5 13. Bxd5 Nxd5 14. Nxd5 Nb6
15. Nxc7 Qxc7 16. Bd2 Rd8 17. Rc1 Qe7 18. Bb4 Rxd1 19. Bxe7 Rd2 20. Rfd1 Rxd1+
21. Rxd1 Be6 22. Ne4 f6 23. Nc5 Kf7 24. Bd6 Nc4 25. Nxb7 Nxb2 26. Rc1 Nc4 27.
Bc5 Kg6 28. h3 a5 29. Nd6 Nb2 30. Bb6 Ra6 31. Bc7 h5 32. h4 Ra7 33. Rc5 a4 34.
Kf1 Nd3 35. Rc3 Bb3 36. Nc8 Ra6 37. Ke2 Nb2 38. Nd6 Kh7 39. Rc5 Kg6 40. e4 Ra7
41. g3 Bd1+ 42. Ke3 Kh7 43. f3 Bb3 44. f4 Be6 45. fxe5 fxe5 46. Kd2 Bg4 47. Nf7
Nd1 48. Ng5+ Kg8 49. Bxe5 Nf2 50. Rb5 Rd7+ 51. Kc3 Kf8 52. Rb8+ Ke7 53. Rg8
Rd3+ 54. Kb4 Rb3+ 55. Kxa4 Bd1 56. Rxg7+ Ke8 57. Ka5 Rxa3+ 58. Kb6 Rb3+ 59. Kc7
Ng4 60. Bd4 Rb5 61. Kd6 Bb3 62. Ra7 Rb8 63. Ne6 Bxe6 64. Kxe6 Kf8 65. Rh7 Re8+
66. Kf5 1-0

[Event "Wch Rapid"]
[Site "St Petersburg"]
[Date "2018.12.27"]
[Round "8"]
[White "Carlsen, Magnus"]
[Black "Petrov, Nikita"]
[Result "1-0"]
[WhiteElo "2835"]
[BlackElo "2593"]
[PlyCount "135"]
[EventDate "2018.12.26"]
[EventType "swiss (rapid)"]
[EventRounds "15"]
[EventCountry "RUS"]
[SourceTitle "CBM 187 Extra"]
[Source "ChessBase"]
[SourceDate "2018.11.04"]
[SourceVersion "1"]
[SourceVersionDate "2018.11.04"]
[SourceQuality "1"]

1. c4 e5 2. g3 Nf6 3. Nc3 Bb4 4. e4 Bxc3 5. dxc3 d6 6. f3 Be6 7. Nh3 h6 8. Nf2
a5 9. f4 Na6 10. f5 Bd7 11. Bg2 b5 12. cxb5 Bxb5 13. b3 a4 14. c4 Bc6 15. Be3
axb3 16. axb3 Nc5 17. Bxc5 dxc5 18. Qxd8+ Kxd8 19. Rxa8+ Bxa8 20. Kd2 Ke7 21.
Kc3 Bc6 22. Re1 Ra8 23. Nd3 Nd7 24. Kb2 Kd6 25. Bf3 Ke7 26. h4 Rh8 27. g4 g5
28. Rh1 Rg8 29. hxg5 hxg5 30. Rh6 f6 31. Kc3 Kf7 32. Rh7+ Rg7 33. Rh2 Rg8 34.
Ne1 Kg7 35. Nc2 Rh8 36. Rxh8 Kxh8 37. Ne3 Kg7 38. Nd5 Bxd5 39. cxd5 Kf7 40. Kc4
Ke7 41. Kb5 Kd6 42. Be2 Nb6 43. Ka6 Nd7 44. Bc4 Nb6 45. Kb7 Kd7 46. Bb5+ Kd6
47. Kb8 Nd7+ 48. Bxd7 Kxd7 49. Kb7 Kd6 50. Kc8 c6 51. dxc6 Kxc6 52. Kd8 Kb5 53.
Ke7 Kb4 54. Kxf6 Kxb3 55. Kxe5 c4 56. f6 c3 57. f7 c2 58. f8=Q c1=Q 59. Qf7+
Kb2 60. Qf5 Qc7+ 61. Kf6 Qd8+ 62. Kg6 Qg8+ 63. Kh6 Kc3 64. Qc5+ Kb2 65. Qb6+
Ka1 66. Qf6+ Kb1 67. e5 Qc4 68. Kxg5 1-0

[Event "Wch Rapid"]
[Site "St Petersburg"]
[Date "2018.12.27"]
[Round "9"]
[White "Melkumyan, Hrant"]
[Black "Carlsen, Magnus"]
[Result "0-1"]
[WhiteElo "2670"]
[BlackElo "2835"]
[PlyCount "130"]
[EventDate "2018.12.26"]
[EventType "swiss (rapid)"]
[EventRounds "15"]
[EventCountry "RUS"]
[SourceTitle "CBM 187 Extra"]
[Source "ChessBase"]
[SourceDate "2018.11.04"]
[SourceVersion "1"]
[SourceVersionDate "2018.11.04"]
[SourceQuality "1"]

1. d4 d5 2. c4 e6 3. Nf3 a6 4. cxd5 exd5 5. Nc3 h6 6. Bf4 Nf6 7. Qb3 Bd6 8.
Bxd6 Qxd6 9. e3 O-O 10. Bd3 b6 11. O-O Nbd7 12. Rfd1 Bb7 13. Rac1 Rfd8 14. Qc2
c5 15. dxc5 bxc5 16. Bf5 Rac8 17. Ne2 Qe7 18. Qb3 Rc7 19. Bxd7 Rdxd7 20. Ng3
Qe6 21. Qa3 Qb6 22. Ne5 Rd8 23. Nc4 Qb5 24. Na5 Ba8 25. Nb3 Rdc8 26. Qa5 g6 27.
Qxb5 axb5 28. a3 h5 29. h3 h4 30. Ne2 Kg7 31. Rc2 c4 32. Nbd4 Rb8 33. b4 Ra7
34. Ra2 Ne4 35. f3 Nd6 36. Nc3 Kf6 37. Kf2 Rb6 38. Raa1 Ke5 39. Nc2 Rba6 40.
Rd2 Bc6 41. Rad1 Nf5 42. Nxb5 Bxb5 43. Rxd5+ Kf6 44. Rxb5 Rxa3 45. Nxa3 Rxa3
46. Rd2 Rb3 47. e4 c3 48. Rb6+ Kg7 49. exf5 cxd2 50. Ke2 g5 51. b5 Rd3 52. Kd1
Rd5 53. Rb7 Kf6 54. b6 Rd6 55. Rb8 Kxf5 56. b7 Rd7 57. Rf8 Rxb7 58. Kxd2 Kf4
59. Ke2 Kg3 60. Rg8 f6 61. Rg6 Rb6 62. f4 Kxf4 63. Kf2 Rb2+ 64. Kf1 Kg3 65.
Rxf6 Rxg2 0-1

[Event "Wch Rapid"]
[Site "St Petersburg"]
[Date "2018.12.27"]
[Round "10"]
[White "Carlsen, Magnus"]
[Black "Amonatov, Farrukh"]
[Result "1-0"]
[WhiteElo "2835"]
[BlackElo "2614"]
[PlyCount "69"]
[EventDate "2018.12.26"]
[EventType "swiss (rapid)"]
[EventRounds "15"]
[EventCountry "RUS"]
[SourceTitle "CBM 187 Extra"]
[Source "ChessBase"]
[SourceDate "2018.11.04"]
[SourceVersion "1"]
[SourceVersionDate "2018.11.04"]
[SourceQuality "1"]

1. d4 Nf6 2. Nf3 g6 3. Nbd2 Bg7 4. e4 d6 5. Bb5+ c6 6. Bd3 O-O 7. O-O Qc7 8.
Re1 e5 9. c3 Nbd7 10. a4 b6 11. Nf1 Bb7 12. h3 Rfe8 13. Ng3 a6 14. Bg5 h6 15.
Bd2 b5 16. b4 Nb6 17. a5 Nbd7 18. Qc1 Kh7 19. c4 Rac8 20. dxe5 dxe5 21. Be3 Qb8
22. Rd1 Nf8 23. Bb6 N6d7 24. c5 Ne6 25. Bb1 Nd4 26. Ra3 Nf8 27. Nxd4 exd4 28.
f4 Re7 29. e5 Rce8 30. Ne4 Ne6 31. Nd6 Nxf4 32. Qxf4 Bxe5 33. Qf2 Bxd6 34. cxd6
Qxd6 35. Bc5 1-0

[Event "Wch Rapid"]
[Site "St Petersburg"]
[Date "2018.12.28"]
[Round "12"]
[White "Carlsen, Magnus"]
[Black "Anand, Viswanathan"]
[Result "1/2-1/2"]
[WhiteElo "2835"]
[BlackElo "2773"]
[PlyCount "88"]
[EventDate "2018.12.26"]
[EventType "swiss (rapid)"]
[EventRounds "15"]
[EventCountry "RUS"]
[SourceTitle "CBM 187 Extra"]
[Source "ChessBase"]
[SourceDate "2018.11.04"]
[SourceVersion "1"]
[SourceVersionDate "2018.11.04"]
[SourceQuality "1"]

1. c4 c5 2. Nf3 Nc6 3. d4 cxd4 4. Nxd4 Nf6 5. Nc3 e6 6. e4 Bb4 7. Nxc6 bxc6 8.
Bd3 e5 9. O-O O-O 10. Qe2 Bxc3 11. bxc3 d6 12. c5 dxc5 13. f3 Be6 14. Be3 Qe7
15. a4 Rfb8 16. Rfb1 Nd7 17. a5 Qd8 18. Rd1 Qe7 19. Bc4 Nf8 20. Ba6 Rb3 21. Qd2
Rab8 22. Bf1 Nd7 23. Bf2 h6 24. Qd6 Qxd6 25. Rxd6 Rb1 26. Rxb1 Rxb1 27. g4 Bc4
28. Rxd7 Rxf1+ 29. Kg2 a6 30. Re7 f6 31. h4 Rc1 32. g5 hxg5 33. hxg5 fxg5 34.
Rxe5 g4 35. fxg4 Bf1+ 36. Kf3 Rxc3+ 37. Kf4 Be2 38. Bxc5 Rf3+ 39. Kg5 Rg3 40.
Re8+ Kh7 41. Kf5 Rxg4 42. Bd4 Rg6 43. Re7 Bd3 44. Kf4 Kg8 1/2-1/2

[Event "Wch Rapid"]
[Site "St Petersburg"]
[Date "2018.12.28"]
[Round "13"]
[White "Oparin, Grigoriy"]
[Black "Carlsen, Magnus"]
[Result "0-1"]
[WhiteElo "2613"]
[BlackElo "2835"]
[PlyCount "82"]
[EventDate "2018.12.26"]
[EventType "swiss (rapid)"]
[EventRounds "15"]
[EventCountry "RUS"]
[SourceTitle "CBM 187 Extra"]
[Source "ChessBase"]
[SourceDate "2018.11.04"]
[SourceVersion "1"]
[SourceVersionDate "2018.11.04"]
[SourceQuality "1"]

1. Nf3 d5 2. g3 c6 3. Bg2 Bf5 4. O-O e6 5. c4 Nf6 6. cxd5 exd5 7. d3 Bc5 8. Qb3
Bb6 9. Nc3 O-O 10. Na4 Re8 11. Nxb6 axb6 12. Qc2 h6 13. b3 c5 14. Bb2 Nc6 15.
a3 d4 16. b4 Qd6 17. Rfc1 Nd7 18. Qd2 Re7 19. Re1 Rae8 20. Rad1 Nde5 21. Nh4
Bh7 22. h3 Qe6 23. b5 Na5 24. e4 g5 25. Nf3 Nxf3+ 26. Bxf3 Qxh3 27. Bg2 Qg4 28.
Kh2 f5 29. exf5 Re2 30. Qc1 Qxf5 31. Rxe2 Rxe2 32. Re1 Qxf2 33. Rxe2 Qxe2 34.
Bxd4 Bxd3 35. Qe3 cxd4 36. Qxd4 Bxb5 37. Qd8+ Be8 38. Qxb6 Bc6 39. Qd8+ Kf7 40.
Qc7+ Kg6 41. Qd6+ Kh5 0-1

[Event "Wch Rapid"]
[Site "St Petersburg"]
[Date "2018.12.28"]
[Round "14"]
[White "Carlsen, Magnus"]
[Black "Andreikin, Dmitry"]
[Result "1-0"]
[WhiteElo "2835"]
[BlackElo "2719"]
[PlyCount "121"]
[EventDate "2018.12.26"]
[EventType "swiss (rapid)"]
[EventRounds "15"]
[EventCountry "RUS"]
[SourceTitle "CBM 187 Extra"]
[Source "ChessBase"]
[SourceDate "2018.11.04"]
[SourceVersion "1"]
[SourceVersionDate "2018.11.04"]
[SourceQuality "1"]

1. e4 e5 2. Nf3 Nc6 3. Bb5 Nf6 4. d3 Bc5 5. Ba4 O-O 6. O-O d6 7. c3 Bb6 8. Nbd2
Ne7 9. Nc4 Ng6 10. h3 h6 11. Bc2 Be6 12. Nxb6 axb6 13. d4 b5 14. Be3 c6 15. Re1
Qc7 16. a3 Rad8 17. Qd2 Rfe8 18. Rad1 Qe7 19. Qc1 Nh5 20. dxe5 dxe5 21. Rxd8
Rxd8 22. Rd1 Nhf4 23. Kh2 f6 24. Rxd8+ Qxd8 25. Qd2 Qc8 26. Ng1 Bf7 27. g3 Ne6
28. h4 Qd8 29. Qxd8+ Nxd8 30. Nf3 Nf8 31. Nd2 g5 32. f4 gxf4 33. gxf4 exf4 34.
Bxf4 Ng6 35. Kg3 Nxf4 36. Kxf4 Kf8 37. e5 Ke7 38. exf6+ Kxf6 39. Ne4+ Ke7 40.
Nf2 Be6 41. Bf5 Nf7 42. Ng4 h5 43. Ne3 Kf6 44. Bxe6 Kxe6 45. Nf5 Kf6 46. Ng3
Kg6 47. b3 Nh6 48. Ke5 Ng4+ 49. Kd6 Ne3 50. Kc7 c5 51. Kxb7 c4 52. b4 Nd1 53.
Ne2 Kf5 54. Kc6 Kg4 55. Kxb5 Kxh4 56. a4 Kg4 57. a5 Ne3 58. a6 Nd5 59. a7 h4
60. Kc6 h3 61. a8=Q 1-0

[Event "Wch Blitz"]
[Site "St Petersburg"]
[Date "2018.12.30"]
[Round "13"]
[White "Carlsen, Magnus"]
[Black "Giri, Anish"]
[Result "1-0"]
[WhiteElo "2835"]
[BlackElo "2783"]
[Annotator "Nielsen,Peter Heine"]
[PlyCount "48"]
[EventDate "2018.12.29"]
[EventType "swiss (blitz)"]
[EventRounds "21"]
[EventCountry "RUS"]
[SourceTitle "CBM 187 Extra"]
[Source "ChessBase"]
[SourceDate "2018.11.04"]
[SourceVersion "1"]
[SourceVersionDate "2018.11.04"]
[SourceQuality "1"]

{"There are many who have fantasies as to what is the best way to start the
day. This is mine"} 1. c4 e5 2. Nc3 Nf6 3. Nf3 Nc6 4. e4 $5 {In the London
WC-match, or by Giri himself vs. Magnus in Shamkir 2018, 4.g3 was the
preferred move. Nost certainly Giri also has mapped this area out at home, but
to remember how in a blitz game is a different matter.} Bc5 {The most
principal move, forcing events as else black will just have a pleasant
position with control of the d4-square. 4...Bb4 is the main, but basically any
reasonable move is acceptable for Black.} 5. Nxe5 Nxe5 6. d4 Bb4 7. dxe5 Nxe4
8. Qf3 $5 (8. Qd4 {being the more often played move, but like this White keeps
the optione between putting the queen on either g4 or g3, when attacking the
g7-pawn.}) 8... Nxc3 9. bxc3 Be7 {With the queen on d4, this would be the
correct move, and e.g. played by Caruana; here, however, the small details are
in White's favour:} 10. Qg3 $1 g6 {Again similar to Caruana's approach, but as
...d6 next now does not threaten White's queen, the difference is a full tempo.
} (10... O-O 11. Bh6 g6 {but} 12. h4 $1 {leaves White with a huge attack.}) 11.
Bh6 d6 12. Be2 Be6 13. Rd1 Qd7 14. exd6 cxd6 15. O-O O-O-O {With a bit of good
will, one could consider the structure similar to a wellknown line of the 5
Nc3 Petroff, but here the floodgates are open to Black's kingside and Magnus
takes immediate action:} 16. Be3 Qa4 {As both 16...b6 or 16...Kb8 is strongly
answered by 17 c5! this is the only way to defend the pawn at a7.} 17. Qf3 Qc6
18. Qf4 {Obviously not exchanging queens, and renewing the threat to the
a7-pawn.} b6 19. a4 $1 {Exploiting the fact that 19...Qxa4 20 Ra1 Qd7 21 c5!
is devastating, White now uses the a-pawn to break through to Black's
vulnerable king.} Rd7 (19... Qxa4 20. Ra1 Qd7 21. c5 $1 $18) 20. a5 bxa5 21.
Rb1 Rc7 22. c5 dxc5 23. Bf3 $6 {With his opponent short of time, Magnus
commits a mistake. 23 Bb5! was crushing, following it up with 24 Qa4 when
blacks queenside collapses. Now Giri could have fought back with 23...g5! whem
white suddenly lacks a good square for his queen as 24 Qg3 is met by 24...Qd6!
Best would be 24 Bxc6 gxf4 25 Bxf4 Rxc6 26 Rb8+ Kd7 27 Rxh8 but after 27...
Rb6! 28 Ra8 Rb7! black has very decent counterplay. Giris mind however was
maybe already at the upcoming interview, and things now finishes quickly:} (23.
Bb5 $1 {was crushing, following it up with 24.Qa4 when Black's queenside
collapses.}) 23... Qd6 $2 ({Now Giri could have fought back with} 23... g5 $1 {
when White suddenly lacks a good square for his queen as 24.Qg3 is met by 24...
Qd6!} {Best would be} 24. Bxc6 gxf4 25. Bxf4 Rxc6 26. Rb8+ Kd7 27. Rxh8 {
but after} Rb6 $1 28. Ra8 Rb7 $1 {Black has very decent counterplay.}) {
Giri's mind, however. was maybe already at the upcoming interview, and things
now finishes quickly:} 24. Qe4 Rd8 {But here Black lost on time, not that it
mattered as 25 Rb8+! wins on the spot as Black can't take the rook due to mate
on a8, and 25...Kd7 26 Qa4+ also quickly ends the game.  While the performance
at the board was somewhat sub-par, one has to respect Giri for using the break
before the next round to give an interview to Norwegian channel NRK being his
usual combattve self. Magnus on the other hand stayed quiet, getting himself
ready for round 14. There was still a tournament to be won.} (24... Rd8 25.
Rb8+ $1 Kd7 (25... Kxb8 26. Qa8#) 26. Qa4+ $18) 1-0

[Event "Wch Blitz"]
[Site "St Petersburg"]
[Date "2018.12.30"]
[Round "14"]
[White "Wang, Hao"]
[Black "Carlsen, Magnus"]
[Result "0-1"]
[WhiteElo "2730"]
[BlackElo "2835"]
[Annotator "Nielsen,Peter Heine"]
[PlyCount "72"]
[EventDate "2018.12.29"]
[EventType "swiss (blitz)"]
[EventRounds "21"]
[EventCountry "RUS"]
[SourceTitle "CBM 187 Extra"]
[Source "ChessBase"]
[SourceDate "2018.11.04"]
[SourceVersion "1"]
[SourceVersionDate "2018.11.04"]
[SourceQuality "1"]

{The 2016 and 2018 WC-match, and the 2017&18 blitz all would look average from
a player of Magnus caliber, was it not for the final day. Each time at a very
critical situation, the champion delivered the performance needed with a total
score of the overwhelming 21½/25 equalling 86 %! Next in line was Wang Hao:} 
1. e4 c5 2. Nf3 Nc6 3. Bb5 g6 4. Bxc6 dxc6 5. d3 Bg7 6. h3 {As in game 1 of
the recent WC-match, Wang plays the most common move, thus not trying to
follow Caruana's thought of improving with 6.0-0 in order to avoid Black's
upcoming knight manoeuvre.} Nf6 7. Nc3 Nd7 8. Be3 e5 9. Qd2 {Caruana omitted
this typical inclusion, but Wang follows the main line.} h6 10. O-O b6 $5 ({
Much less common than the standard} 10... Qe7 {but similar to game 1 from
London.}) 11. a3 Nf8 12. b4 Ne6 13. bxc5 f5 {Due to the inclusion of Qd2/h6
Black now threatens ...f4 winning a piece. His play is very ambitious, having
the pair of bishops, trying to seize space in the centre and on the kingside.
The price is a serious lack in development and risks of a quick white
counterattack.} 14. exf5 gxf5 15. Qe1 ({The computer suggests ideas like} 15.
Rae1 f4 16. Nxe5 {, assessing the position as equal.}) 15... O-O 16. Rb1 e4 $5
{A good idea, but with a tactical issue.} (16... bxc5 {simply regaining the
pawn while keeping Black's trumps was strong, but somewhat unimaginative.}) 17.
dxe4 f4 18. Rd1 $2 {Logical, but wrong.} ({Actually the rook served a much
more inportant function on b1, as} 18. cxb6 $1 {was possible due to} fxe3 19.
b7 $1 {regaining the piece with an edge. Black can play 18...Rf7!? still with
a messy position, and decent chances especially with this being a blitz game,
but objectively White would be better.}) (18. Bc1 Ng5 19. Qe2 $5 {also looks
interesting exploiting the fact that 20.Qc4+ is possible after 19...Bxc3, but
the computers suggests the interesting} Nxh3+ (19... Bxc3 20. Qc4+) 20. gxh3
Qd7 {with a strong attack!}) 18... Qe7 19. Bd4 Nxd4 20. Nxd4 Ba6 {Both players
holds big trumps. Black has sacrificed 2 pawns, but has the pair of bishops,
and aims at winning the exchange on f1. White needs to consolidate, also, the
f5-square looks inviting for his knight. Wang, however, sees a tactical
possibility, but missed Black's reply to it!} 21. Nxc6 $2 Qxc5 22. Nd5 Rae8 $1
{By controlling the e7 square, Black threatens the knight on c6 as its no
longer indirectly defended due to the fork on e7, meaning it has to retreat
when Black safely can take the exchange on f1.} ({White's idea was} 22... Bxf1
23. Nde7+ Kh7 24. e5 $1 {when suddenly the b1-h7 diagonal gives him a huge
attack as} Qxc2 {can be replied to by} 25. Rd2 $1) 23. Ncb4 Bxf1 24. Kxf1 Qc4+
{To make things even worse for White, not only did 22...Rae8! defend, it also
attacked the e4 pawn.} 25. Qe2 Rxe4 26. Qxc4 Rxc4 {Black has an exchange and a
easily winning ending:} 27. Ke2 a5 28. Nd3 Rxc2+ 29. Kf3 Ra2 30. Nxb6 Rxa3 31.
Nc4 Rc3 32. Nxa5 Rd8 33. Ke2 Rd5 34. Nb7 Bf8 35. Rd2 Rb3 36. Nbc5 Bxc5 0-1